Statistiques concernant Top 10 ballon d'or 2022

Cliquez ici pour prendre le quiz!

Statistiques générales

  • Ce quiz a été pris 199 fois
  • Le résultat moyen est 9 sur 10

Statistiques - réponses

PointsJoueursClubs% Correct
549Karim BenzemaReal
100%
85Kylian MbappePSG
98%
18Erling HaalandDortmund/ Man City
95%
116Mohamed SalahLiverpool
95%
61ViniciusReal
95%
175Kevin De BruyneMan City
94%
170Robert LewandowskiBayern/ Barca
93%
20Luka ModricReal
92%
193Sadio ManeLiverpool/ Bayern
91%
82Thibaut CourtoisReal
81%

Distribution des résultats

Percentile par nombre de réponses

% des personnes avec chaque résultat

Votre développement - résultats

Vous n’avez pas pris ce quiz